000 00473cam a22001217a 4500
008 180718bn.d. xxu||||| |||| 00| 0 eng d
082 _aLx5467 N131/1995-2000
245 _aForecast of revenue receipts and expenditure for the years, 1995-2000 (submitted to Tenth Finance Commission)
_cby Finance Department, Nagaland
260 _aKohima
_bFinance Department
_cn.d.
300 _a309p.
650 _aFinance, Public - India - Nagaland
700 _aNagaland. Finance Department
999 _c486287
_d486287